[Event "Wellington CC-chB"]
[Site "Wellington"]
[Date "2010.08.17"]
[Round "4"]
[White "Rabina, Romeo"]
[Black "Forster, William"]
[Result "1-0"]
[WhiteElo "1718"]
[BlackElo "1984"]
[PlyCount "47"]
[EventDate "2010.07.27"]
[EventType "tourn"]
[EventRounds "9"]
[EventCountry "NZL"]
[SourceTitle "EXT 2018"]
[Source "ChessBase"]
[SourceDate "2017.10.13"]
[SourceVersion "1"]
[SourceVersionDate "2017.10.13"]
[SourceQuality "1"]

1. e4 e6 2. d4 d5 3. Nc3 Bb4 4. Bd3 c5 5. exd5 exd5 6. Be3 Nc6 7. Bb5 Nf6 8. Nge2 0-0 9. 0-0 Bg4 10. f3 Re8 11. Bf2 Bf5 12. dxc5 Bxc3 13. Nxc3 Qa5 14. a3 Rad8 15. b4 Qc7 16. Bh4 Qe5 17. Ne2 d4 18. Bg3 Qd5 19. Bc7 d3 20. cxd3 Bxd3 21. Bxd8 Bxb5 22. Bxf6 Qe6 23. Nd4 Qxf6 24. Nxb5 1-0